[Event "Wiesbaden op 26th"]
[Site "Wiesbaden"]
[Date "2014.08.28"]
[Round "1"]
[White "Busch, Guenther"]
[Black "Soost, Stefan"]
[Result "0-1"]
[WhiteElo "1307"]
[BlackElo "1953"]
[PlyCount "100"]
[EventDate "2014.08.28"]
[EventType "swiss"]
[EventRounds "7"]
[EventCountry "GER"]
[SourceTitle "CBM 162 Extra"]
[Source "ChessBase"]
[SourceDate "2014.10.17"]
[SourceVersion "1"]
[SourceVersionDate "2014.10.17"]
[SourceQuality "1"]

1. g3 e5 2. d3 d5 3. Bg2 Nf6 4. e3 Bc5 5. Ne2 0-0 6. a3 Bg4 7. 0-0 Qd7 8. Nd2 Bh3 9. Nf3 Nc6 10. b4 Bd6 11. Bb2 Bxg2 12. Kxg2 Rae8 13. Rc1 Nh5 14. c4 e4 15. dxe4 dxe4 16. Nfg1 Qf5 17. Nd4 Nxd4 18. Bxd4 Nf6 19. Bxf6 Qxf6 20. f4 Qb2+ 21. Qc2 Qxa3 22. c5 Be7 23. Qc3 Qxc3 24. Rxc3 Rd8 25. Nh3 Rd2+ 26. Rf2 Rfd8 27. Rc2 R2d3 28. Rfe2 Rb3 29. Rb2 Rxb2 30. Rxb2 f5 31. Kf2 Kf7 32. Ke2 Ke6 33. Nf2 Kd5 34. Rc2 Kc6 35. Ra2 a6 36. g4 g6 37. g5 Kb5 38. Rb2 Bf8 39. Rb1 Bg7 40. Rc1 Bb2 41. Rb1 Bc3 42. Nd1 Bxb4 43. Nc3+ Kxc5 44. Rc1 Bxc3 45. Rxc3+ Kb6 46. Rb3+ Ka7 47. h4 c5 48. h5 c4 49. Rb1 b5 50. Rc1 Kb6 0-1

[Event "Rhein Main op-A 16th"]
[Site "Bad Homburg"]
[Date "2013.05.31"]
[Round "4"]
[White "Soost, Stefan"]
[Black "Suess, Stefan"]
[Result "1-0"]
[WhiteElo "1961"]
[BlackElo "1826"]
[PlyCount "67"]
[EventDate "2013.05.29"]
[EventType "swiss"]
[EventRounds "7"]
[EventCountry "GER"]
[SourceTitle "EXT 2014"]
[Source "ChessBase"]
[SourceDate "2013.11.20"]
[SourceVersion "1"]
[SourceVersionDate "2013.11.20"]
[SourceQuality "1"]

1. e4 c6 2. d4 d5 3. e5 Bf5 4. Nc3 e6 5. g4 Bg6 6. Nge2 h6 7. f4 Nd7 8. Ng3 c5 9. Nb5 Qb6 10. a4 c4 11. Bg2 a6 12. Nc3 Bb4 13. 0-0 Ne7 14. f5 Bh7 15. Kh1 g6 16. fxe6 fxe6 17. Bxh6 Bg8 18. Bg5 0-0-0 19. a5 Qc7 20. Na2 Nc6 21. Nxb4 Nxb4 22. Bxd8 Qxd8 23. h3 Nc6 24. Ne2 Nxa5 25. Qd2 Nc6 26. b3 Nb6 27. Nc3 Qh4 28. Rf8+ Kd7 29. Qf4 cxb3 30. cxb3 Ne7 31. Na4 Nxa4 32. bxa4 Nf5 33. Qc1 Ne7 34. Qc5 1-0

[Event "Berlin Kreuzberg op 9th"]
[Site "Berlin"]
[Date "2008.07.22"]
[Round "4"]
[White "Soost, Stefan"]
[Black "Albrecht, Rainer"]
[Result "1/2-1/2"]
[WhiteElo "1968"]
[BlackElo "2184"]
[PlyCount "33"]
[EventDate "2008.07.19"]
[EventType "swiss"]
[EventRounds "9"]
[EventCountry "GER"]
[SourceTitle "EXT 2019"]
[Source "ChessBase"]
[SourceDate "2018.10.10"]
[SourceVersion "1"]
[SourceVersionDate "2018.10.10"]
[SourceQuality "1"]

1. e4 e6 2. d4 d5 3. Nc3 Bb4 4. e5 c5 5. a3 Bxc3+ 6. bxc3 Qa5 7. Bd2 Qa4 8. Qg4 Kf8 9. Qd1 b6 10. h4 Ne7 11. h5 h6 12. Nf3 Ba6 13. Rh4 Bxf1 14. Kxf1 Qe8 15. Kg1 Nd7 16. Rf4 Kg8 17. Nh4 1/2-1/2